Sudden death- Liverpool European Cup Winners - Statistics

General Stats
  • This quiz has been taken 62 times
  • The average score is 6 of 15
Answers on the Grid
Answers color-coded by a green-red scale on the quiz's grid according to % correct below.
Mohamed Salah
Fernando Morientes
Daniel Sturridge
Dietmar Hamann
Ian St John
Roger Hunt
Kevin Keegan
Peter Crouch
Ian Rush
Scott Carson
Alberto Moreno
Josemi
Neil Mellor
Stephane Henchoz
Sadio Mane
Trent Alexander-Arnold
Dejan Lovren
Nathaniel Clyne
Roberto Firmino
Andrew Robertson
Kenny Dalglish
Graeme Souness
Curtis Jones
Ki-Jana Hoever
John Wark
Colin Russell
Kevin Sheedy
Alec Lindsay
Takumi Minamino
Kostas Tsimikas
 
Answer Stats
Answer % Correct
Mohamed Salah
96%
Trent Alexander-Arnold
58%
Daniel Sturridge
54%
Roberto Firmino
50%
Dietmar Hamann
46%
Ian Rush
46%
Kenny Dalglish
46%
Sadio Mane
46%
Andrew Robertson
42%
Graeme Souness
31%
Kevin Keegan
31%
Dejan Lovren
23%
Scott Carson
19%
Alberto Moreno
8%
Josemi
4%
No matching quizzes found
Score Distribution
Percent of People with Each Score
Percentile by Number Answered
Your Score History
You have not taken this quiz